Business English: Writing for the Global Workplace (Record no. 5076)

MARC details
005 - DATE AND TIME OF LATEST TRANSACTION
control field 20250625132630.0
020 ## - INTERNATIONAL STANDARD BOOK NUMBER
International Standard Book Number 978-0-07-354542-4
082 ## - DEWEY DECIMAL CLASSIFICATION NUMBER
Classification number 808.066 YOU
100 ## - MAIN ENTRY--PERSONAL NAME
Author name YOUNG, J . D
245 ## - TITLE STATEMENT
Title Business English: Writing for the Global Workplace
260 ## - PUBLICATION, DISTRIBUTION, ETC.
Place of publication, distribution, etc. Boston
Name of publisher, distributor, etc. McGraw-Hill Irwin
Date of publication, distribution, etc. 2008.
300 ## - PHYSICAL DESCRIPTION
Extent ix, 398p.: ill.; figures
Other physical details Index, References
Dimensions 27cm
942 ## - ADDED ENTRY ELEMENTS (KOHA)
Source of classification or shelving scheme Dewey Decimal Classification
Koha item type Books
Holdings
Date last seen Total checkouts Full call number Barcode Price effective from Koha item type Lost status Source of classification or shelving scheme Damaged status Not for loan Withdrawn status Home library Current library Shelving location Date acquired Source of acquisition
06/25/2025   808.066 YOU MZA0002131 06/25/2025 Books   Dewey Decimal Classification       CBE Mwanza CBE Mwanza General Collection 07/31/2017 Library Budget
06/25/2025   808.066 YOU MZA0002132 06/25/2025 Books   Dewey Decimal Classification       CBE Mwanza CBE Mwanza General Collection 07/31/2017 Library Budget
06/25/2025   808.066 YOU MZA0002133 06/25/2025 Books   Dewey Decimal Classification       CBE Mwanza CBE Mwanza General Collection 07/31/2017 Library Budget
06/25/2025   808.066 YOU MZA0002134 06/25/2025 Books   Dewey Decimal Classification       CBE Mwanza CBE Mwanza General Collection 07/31/2017 Library Budget
06/25/2025   808.066 YOU MZA0002135 06/25/2025 Books   Dewey Decimal Classification       CBE Mwanza CBE Mwanza General Collection 07/31/2017 Library Budget
06/25/2025   808.066 YOU MZA0002136 06/25/2025 Books   Dewey Decimal Classification       CBE Mwanza CBE Mwanza General Collection 07/31/2017 Library Budget
06/25/2025   808.066 YOU MZA0002137 06/25/2025 Books   Dewey Decimal Classification       CBE Mwanza CBE Mwanza General Collection 07/31/2017 Library Budget